Every U.S. & Japanese sister city - Statistics

General Stats
  • This quiz has been taken 16 times
  • The average score is 98 of 361
Answer Stats
Japanese City Prefecture of the City State of the City American City % Correct
Chitose Hokkaido Alaska Anchorage
88%
Maebashi, Hitachi Gunma, Ibaraki Alabama Birmingham
75%
Ritto Shiga Michigan Birmingham
75%
Kyoto Kyoto Massachusetts Boston
75%
Nagoya Aichi California Los Angeles
75%
Ichihara Chiba Alabama Mobile
75%
Fukuoka Fukuoka California Oakland
75%
Himeji Hyogo Arizona Phoenix
75%
Yokohama Kanagawa California San Diego
75%
Okayama Okayama California San Jose
75%
Narashino Chiba Alabama Tuscaloosa
75%
Oita Oita Texas Austin
63%
Yao Osaka Washington Bellevue
63%
Yamagata Yamagata Colorado Boulder
63%
Kanazawa Ishikawa New York Buffalo
63%
Osaka Osaka Illinois Chicago
63%
Fujiyoshia Yamanashi Colorado Colorado Springs
63%
Hakusan Ishikawa Missouri Columbia
63%
Kiryu Gunma Georgia Columbus
63%
Miyoshi Aichi Indiana Columbus
63%
Sendai Miyagi Texas Dallas
63%
Takayama Gifu Colorado Denver
63%
Monbetsu Hokkaido Alaska Fairbanks
63%
Uwajima, Hiroshima, Sakai, Chigasaki, Nagaoka, Naha, Edogawa, Shibuya Ehime, Hiroshima, Ibaraki, Kanagawa, Niigata, Okinawa, Tokyo (x2) Hawaii Honolulu
63%
Chiba Chiba Texas Houston
63%
Kurashiki Okayama Missouri Kansas City
63%
Hiratsuka Kanagawa Kansas Lawrence
63%
Shinhidaka Hokkaido Kentucky Lexington
63%
Matsue Shimane Louisiana New Orleans
63%
Tokyo Tokyo New York New York
63%
Kitakyushu Fukuoka Virginia Norfolk
63%
Shinagawa Tokyo Maine Portland
63%
Sapporo Hokkaido Oregon Portland
63%
Hamamutsu Shizuoka New York Rochester
63%
Matsuyama Ehime California Sacramento
63%
Matsumoto Nagano Utah Salt Lake City
63%
Tachikawa Tokyo California San Bernardino
63%
Kobe Hyogo Washington Seattle
63%
Nishinomiya Hyogo Washington Spokane
63%
Miyazaki Miyazaki Virginia Virginia Beach
63%
Omitama Ibaraki Kansas Abilene
50%
Sasebo Nagasaki New Mexico Albuquerque
50%
Isahaya Nagasaki Tennessee Athens
50%
Fukuoka Fukuoka Georgia Atlanta
50%
Takarazuka Hyogo Georgia Augusta
50%
Wakayama Wakayama California Bakersfield
50%
Kawasaki Kanagawa Maryland Baltimore
50%
Sakai Osaka California Berkeley
50%
Kawanishi Hyogo Kentucky Bowling Green
50%
Tsukuba Ibaraki Massachusetts Cambridge
50%
Yuasa Wakayama Minnesota Cambridge
50%
Gifu Gifu Ohio Cincinnati
50%
Inuyama Aichi California Davis
50%
Oiso Kanagawa Ohio Dayton
50%
Toyota Aichi Michigan Detroit
50%
Isumi Chiba Minnesota Duluth
50%
Toyama Toyama North Carolina Durham
50%
Tochigi Tochigi Indiana Evansville
50%
Nagaoka Niigata Texas Fort Worth
50%
Kochi Kochi California Fresno
50%
Moriya Ibaraki Colorado Greeley
50%
Numazu Shizuoka Michigan Kalamazoo
50%
Ota Gunma Indiana Lafayette
50%
Okinawa Okinawa Washington Lakewood
50%
Sano Tochigi Pennsylvania Lancaster
50%
Otsu Shiga Michigan Lansing
50%
Kurobe Toyama Georgia Macon
50%
Obihiro Hokkaido Wisconsin Madison
50%
Kagoshima Kagoshima Florida Miami
50%
Ibaraki Osaka Minnesota Minneapolis
50%
Tosashimizu Kochi Massachusetts New Bedford
50%
Seika Kyoto Oklahoma Norman
50%
Shizuoka Shizuoka Nebraska Omaha
50%
Osakasayama Osaka Oregon Ontario
50%
Urayasu Chiba Florida Orlando
50%
Shimonoseki Yamaguchi California Pittsburg
50%
Saitama Saitama Pennsylvania Pittsburgh
50%
Shimada Shizuoka California Richmond
50%
Unnan Shimane Indiana Richmond
50%
Saitama Saitama Virginia Richmond
50%
Sendai Miyagi California Riverside
50%
Akita Akita Minnesota Saint Cloud
50%
Ibigawa Gifu Utah Saint George
50%
Suwa Nagano Missouri Saint Louis
50%
Nagasaki Nagasaki Minnesota Saint Paul
50%
Ota Tokyo Massachusetts Salem
50%
Kawagoe Saitama Oregon Salem
50%
Ichikikushikino Kagoshima California Salinas
50%
Kumamoto Kumamoto Texas San Antonio
50%
Toba Mie California Santa Barbara
50%
Ashikaga Tochigi Illinois Springfield
50%
Takikawa Hokkaido Massachusetts Springfield
50%
Isesaki Gunma Missouri Springfield
50%
Kiyakyushu Fukuoka Washington Tacoma
50%
Utsunomiya Tochigi Oklahoma Tulsa
50%
Ota Gunma Indiana West Lafayette
50%
Komaki Aomori Washington Yakima
50%
Mito Ibaraki California Anaheim
38%
Hikone Shiga Michigan Ann Arbor
38%
Kan'onji Kagawa Wisconsin Appleton
38%
Nagaokakyo Kyoto Massachusetts Arlington
38%
Shimukappu Hokkaido Colorado Aspen
38%
Tamba Hyogo Washington Auburn
38%
Kure Hiroshima Washington Bremerton
38%
Ota Gunma California Burbank
38%
Tono Iwate Tennessee Chattanooga
38%
Kitakami Iwate California Concord
38%
Nanae Hokkaido Massachusetts Concord
38%
Yokosuka Kanagawa Texas Corpus Christi
38%
Kakegawa Shizuoka Oregon Eugene
38%
Kamisu Ibaraki California Eureka
38%
Iwakuni Yamaguchi Washington Everett
38%
Nirasaki Yamanashi California Fairfield
38%
Hachinohe Aomori Washington Federal Way
38%
Takaoka Toyama Indiana Fort Wayne
38%
Shimamoto Osaka Kentucky Frankfort
38%
Kuji Iwate Indiana Franklin
38%
Fukaya Saitama California Fremont
38%
Yahaba Iwate Michigan Fremont
38%
Omihachiman Shiga Michigan Grand Rapids
38%
Ebetsu Hokkaido Oregon Gresham
38%
Funabushi Chiba California Hayward
38%
Fukuroi Shizuoka Oregon Hillsboro
38%
Hanamaki Iwate Arkansas Hot Springs
38%
Anjo Aichi California Huntington Beach
38%
Higashimurayama Tokyo Missouri Independence
38%
Tsukuba Ibaraki California Irvine
38%
Muroran Hokkaido Tennessee Knoxville
38%
Imabari Ehime Florida Lakeland
38%
Omihachiman Shiga Kansas Leavenworth
38%
Yokkaichi Mie California Long Beach
38%
Tamura Fukushima Ohio Mansfield
38%
Higashiomi Shiga Michigan Marquette
38%
Fujisawa Kanagawa Florida Miami Beach
38%
Handa Aichi Michigan Midland
38%
Kurume Fukuoka California Modesto
38%
Matsushige Tokushima Washington Mount Vernon
38%
Atsuki Kanagawa Connecticut New Britain
38%
Mombetsu Hokkaido Oregon Newport
38%
Shimoda Shizuoka Rhode Island Newport
38%
Kato Hyogo Washington Olympia
38%
Saroma Hokkaido Alaska Palmer
38%
Tsuchiura Ibaraki California Palo Alto
38%
Kasai Hyogo Washington Pullman
38%
Oiso Kanagawa Wisconsin Racine
38%
Nikko Tochigi South Dakota Rapid City
38%
Nishiwaki Hyogo Washington Renton
38%
Tokushima Tokushima Michigan Saginaw
38%
Takamatsu Kagawa Florida Saint Petersburg
38%
Tsuyama Okayama New Mexico Santa Fe
38%
Shizuoka Shizuoka California Stockton
38%
Tajimi Gifu Indiana Terre Haute
38%
Toyohashi Aichi Ohio Toledo
38%
Yachiyo Chiba Texas Tyler
38%
Akashi Hyogo California Vallejo
38%
Miki Hyogo California Visalia
38%
Kawakami Nagano California Watsonville
38%
Chichibu Saitama California Antioch
25%
Takasaki Gunma Michigan Battle Creek
25%
Gotemba Shizuoka Oregon Beaverton
25%
Tondabayashi Osaka Pennsylvania Bethlehem
25%
Asahikawa Hokkaido Illinois Bloomington
25%
Izumi Osaka Minnesota Bloomington
25%
Ueda Nagano Colorado Broomfield
25%
Kahoku Yamagata Colorado Cañon City
25%
Futtsu Chiba California Carlsbad
25%
Kawachinagano Osaka Indiana Carmel
25%
Soka Saitama California Carson
25%
Odawara Kanagawa California Chula Vista
25%
Nagano Nagano Florida Clearwater
25%
Tokorozawa Saitama Illinois Decatur
25%
Zentsuji Kagawa Arkansas El Dorado
25%
Kitami Hokkaido New Jersey Elizabeth
25%
Itoshima Fukuoka California Escondido
25%
Niigata Niigata Texas Galveston
25%
Higashiosaka Osaka California Glendale
25%
Tokai Ibaraki Idaho Idaho Falls
25%
Akita Akita Alaska Kenai
25%
Tamba Hyogo Washington Kent
25%
Gero Gifu Alaska Ketchikan
25%
Chino Nagano Colorado Longmont
25%
Nobeoka Miyazaki Massachusetts Medford
25%
Nanao Ishikawa California Monterey
25%
Iwata Shizuoka California Mountain View
25%
Omuta Fukuoka Michigan Muskegon
25%
Iwanuma Miyagi California Napa
25%
Neyagawa Osaka Virginia Newport News
25%
Kisarazu, Fuji Chiba, Shizuoka California Oceanside
25%
Nisshin Aichi Kentucky Owensboro
25%
Gero Gifu Florida Pensacola
25%
Bando Ibaraki Arkansas Pine Bluff
25%
Iwamizawa Hokkaido Idaho Pocatello
25%
Nichinan Miyazaki New Hampshire Portsmouth
25%
Kuki Saitama Oregon Roseburg
25%
Omura Nagasaki California San Carlos
25%
Toyonaka Osaka California San Mateo
25%
Tsubame Niigata Wisconsin Sheboygan
25%
Yamanashi Yamanashi Iowa Sioux City
25%
Kishiwada Osaka California South San Francisco
25%
Kameoka Kyoto Oklahoma Stillwater
25%
Iizuka Fukuoka California Sunnyvale
25%
Joyo Kyoto Washington Vancouver
25%
Tamba-Sasayama Hyogo Washington Walla Walla
25%
Uchiko Ehime Alaska Wasilla
25%
Misawa Aomori Washington Wenatchee
25%
Otawara Tochigi California West Covina
25%
Tsugaru Aomori Maine Bath
13%
Taki, Hamamutsu Mie, Shizuoka Washington Camas
13%
Tainai Niigata Illinois Carbondale
13%
Hamamutsu Shizuoka Washington Chehalis
13%
Tamana Kumamoto Iowa Clarinda
13%
Kakegawa Shizuoka New York Corning
13%
Tatsuno Hyogo Washington Covington
13%
Toyokawa Aichi California Cupertino
13%
Misawa Aomori Washington East Wenatchee
13%
Henikan Aichi Washington Edmonds
13%
Koori Fukushima Kentucky Elizabethtown
13%
Naraha Fukushima Ohio Euclid
13%
Yamagata Gifu Oregon Florence
13%
Inagi Tokyo California Foster City
13%
Fukui Fukui California Fullerton
13%
Tahara Aichi Kentucky Georgetown
13%
Tako Aomori California Gilroy
13%
Saga Saga New York Glens Falls
13%
Kariwa Niigata California Half Moon Bay
13%
Setana Hokkaido California Hanford
13%
Marumori, Kushimoto Miyagi, Wakayama California Hemet
13%
Kato Hyogo California Hollister
13%
Teshio Hokkaido Alaska Homer
13%
Tsuruta Aomori Oregon Hood River
13%
Nakagawa Tochigi New York Horseheads
13%
Aizuwakamatsu Fukushima Missouri Lee's Summit
13%
Harima Hyogo Ohio Lima
13%
Wako Saitama Washington Longview
13%
Yuzawa Niigata Utah Magna
13%
Kamogawa Chiba Wisconsin Manitowoc
13%
Bizen Okayama California Menlo Park
13%
Nasukarasuyama Tochigi Wisconsin Menomonie
13%
Tsukuba Ibaraki California Milpitas
13%
Nachikatsuura Wakayama California Monterey Park
13%
Echizen Fukui Alabama Montevallo
13%
Mizuho Tokyo California Morgan Hill
13%
Nanao Ishikawa Kentucky Morgantown
13%
Okaya Nagano Michigan Mount Pleasant
13%
Niimi Okayama New York New Paltz
13%
Okazaki Aichi California Newport Beach
13%
Asahikawa Hokkaido Illinois Normal
13%
Shichigahama Miyagi Massachusetts Plymouth
13%
Kusatsu Shiga Michigan Pontiac
13%
Mutsu Aomori Washington Port Angeles
13%
Miharu Fukushima Wisconsin Rice Lake
13%
Kumamoto Kumamoto Georgia Rome
13%
Narita Chiba California San Bruno
13%
Muko Kyoto California Saratoga
13%
Sakaide Kagawa California Sausalito
13%
Obihiro Hokkaido Alaska Seward
13%
Nemuro Hokkaido Alaska Sitka
13%
Tome Miyagi Texas Southlake
13%
Ami Ibaraki Wisconsin Superior
13%
Daisen Tottori California Temecula
13%
Miyoshi Tokushima Oregon The Dalles
13%
Kashiwa Chiba California Torrance
13%
Memoru Hokkaido California Tracy
13%
Koka Shiga Michigan Traverse City
13%
Takahashi Okayama Ohio Troy
13%
Miyazaki Miyazaki Illinois Waukegan
13%
Mitoyo Kagawa Wisconsin Waupaca
13%
Aisho Shiga Wisconsin West Bend
13%
Toride Ibaraki California Yuba City
13%
Moriyama Shiga Michigan Adrian
0%
Miyoshi Hiroshima Georgia Americus
0%
Kanegasaki Iwate Massachusetts Amherst
0%
Nikaho Akita Washington Anacortes
0%
Suzuka Mie Ohio Bellefontaine
0%
Hanno Saitama California Brea
0%
Minamiawaji Hyogo Ohio Celina
0%
Gotemba Shizuoka Pennsylvania Chambersburg
0%
Kato Hyogo Washington Chelan
0%
Shimizu Hokkaido Michigan Chlesea
0%
Rikuzentakata Iwate California Crescent City
0%
Kaizuka Osaka California Culver City
0%
Arida Wakayama California Delano
0%
Sakata Yamagata Ohio Delaware
0%
Miyazu Kyoto Florida Delray Beach
0%
Koka Shiga Michigan DeWitt
0%
Tsubame Niigata Michigan Dundee
0%
Amakusa Kumamoto California Encinitas
0%
Tosashimizu Kochi Massachusetts Fairhaven
0%
Minamiboso Chiba Washington Ferndale
0%
Nyuzen Toyama Oregon Forest Grove
0%
Otsuchi Iwate California Fort Bragg
0%
Ichikawa Chiba California Gardena
0%
Sekigahara Gifu Pennsylvania Gettysburg
0%
Mooka Tochigi California Glendora
0%
Tamano Okayama Massachusetts Gloucester
0%
Kakuda Miyagi Indiana Greenfield
0%
Nihonmatsu Fukushima New Hampshire Hanover
0%
Tsuru Yamanashi Tennessee Hendersonville
0%
Tsushima Aichi California Hercules
0%
Makinohara Shizuoka Washington Kelso
0%
Kannami Shizuoka California Kerman
0%
Aso Kumamoto Georgia LaGrange
0%
Yoshikawa Saitama Oregon Lake Oswego
0%
Isehara Kanagawa California La Mirada
0%
Kami City Kochi Florida Largo
0%
Ono Hyogo California Lindsay
0%
Yotsukaido Chiba California Livermore
0%
Naganohara Gunma Montana Livingston
0%
Kofu Yamanashi California Lodi
0%
Takaishi Osaka California Lomita
0%
Tomi Nagano Oregon Madras
0%
Nanto Toyama New Jersey Marlboro
0%
Akiruno Tokyo Massachusetts Marlborough
0%
Koka Shiga Michigan Marshall
0%
Minami-Alps Yamanashi Iowa Marshalltown
0%
Yorii Saitama Ohio Marysville
0%
Mikawa Yamagata Tennessee McMinnville
0%
Omachi Nagano California Mendocino
0%
Osaki Miyagi Ohio Middletown
0%
Yawata Kyoto Ohio Milan
0%
Shiojiri Nagano Indiana Mishawaka
0%
Hofu Yamaguchi Michigan Monroe
0%
Ashiya Hyogo California Montebello
0%
Yonezawa Yamagata Washington Moses Lake
0%
Ichikawamisato Yamanashi Iowa Muscatine
0%
Fukui, Tsuruoka Fukui, Yamagata New Jersey New Brunswick
0%
Asago Hyogo Oregon Newburg
0%
Naka Ibaraki Tennessee Oak Ridge
0%
Shibata Niigata Iowa Orange City
0%
Tateshina Nagano Oregon Oregon City
0%
Hadano, Mishima Kanagawa, Shizuoka California Pasedena
0%
Takashima Shiga Michigan Petoskey
0%
Hamamutsu Shizuoka California Porterville
0%
Ichikawa Hyogo Washington Port Townsend
0%
Sakura Chiba California Rancho Palos Verdes
0%
Hino Tokyo California Redlands
0%
Itoman Okinawa California Redondo Beach
0%
Ikata Ehime Minnesota Red Wing
0%
Date Fukushima Massachusetts Revere
0%
Tobishima Aichi California Rio Vista
0%
Hashimoto Wakayama California Rohnert Park
0%
Hanamaki Iwate Vermont Rutland
0%
Shibata Niigata Missouri Saint James
0%
Awaji Hyogo Ohio Saint Marys
0%
Namerikawa Toyama Illinois Schaumburg
0%
Nichinan Tottori California Scotts Valley
0%
Takeo Saga California Sebastopol
0%
Shiso Hyogo Washington Sequim
0%
Nihako Akita Oklahoma Shawnee
0%
Shizuoka Shizuoka Indiana Shelbyville
0%
Zama Kanagawa Tennessee Smyrna
0%
Kagoshima Kagoshima California Sonora
0%
Yamanouchi Nagano Idaho Sun Valley
0%
Miyoshi Tokushima Washington Tukwila
0%
Sumoto Hyogo Ohio Van Wert
0%
Nagayo Nagasaki Connecticut Wethersfield
0%
Misato Miyagi Minnesota Winona
0%
Minami-Alps Yamanashi Iowa Winterset
0%
Iwaizumi Iwate Wisconsin Wisconsin Dells
0%
Sayama Saitama Ohio Worthington
0%
Komaki Aichi Michigan Wyandotte
0%
No matching quizzes found
Score Distribution
Percent of People with Each Score
Percentile by Number Answered
Your Score History
You have not taken this quiz